Score 0/25 Timer 04:00
34 Plays Today
Number Movie % Correct
2Snow White and the Seven Dwarfs (1937)
97.6%
9The Lion King (1994)
97.7%
6The Jungle Book (1967)
94.9%
12Monsters, Inc. (2001)
94.4%
20Ice Age (2002)
93.4%
4WALL-E (2008)
90.4%
8Up (2009)
87.3%
16The Nightmare Before Christmas (1993)
78.3%
11The Land Before Time (1988)
76.5%
23Fantasia (1940)
71.7%
25Coraline (2009)
58.4%
24The Iron Giant (1999)
57%
10Wallace & Gromit in The Curse of the Were-Rabbit (2005)
55.5%
Number Movie % Correct
21South Park: Bigger Longer & Uncut (1999)
53.3%
22Bolt (2008)
52.8%
19All Dogs Go to Heaven (1989)
52.2%
159 (2009)
39%
7Spirited Away (2001)
30.2%
18Yellow Submarine (1968)
30%
3Watership Down (1978)
25.9%
13My Neighbour Totoro (1988)
19.6%
5The Secret of NIMH (1982)
15.5%
17Princess Mononoke (1997)
13.3%
14Persepolis (2007)
9.9%
1Waltz With Bashir (2008)
4.7%
Remove Ads.
Support Sporcle.
Get the best of Sporcle when you Go Orange. This ad-free experience offers more features, more stats, and more fun while also helping to support Sporcle. Thank you for becoming a member.

You're not logged in!

Compare scores with friends on all Sporcle quizzes.
OR
Log In

Show Comments

Extras

Top Quizzes Today


Score Distribution

Your Account Isn't Verified!

In order to create a playlist on Sporcle, you need to verify the email address you used during registration. Go to your Sporcle Settings to finish the process.

Report this User

Report this user for behavior that violates our Community Guidelines.

Details: